<?xml version="1.0" encoding="UTF-8"?>
<record
    xmlns:xsi="http://www.w3.org/2001/XMLSchema-instance"
    xsi:schemaLocation="http://www.loc.gov/MARC21/slim http://www.loc.gov/standards/marcxml/schema/MARC21slim.xsd"
    xmlns="http://www.loc.gov/MARC21/slim">

  <leader>01678nam a22002177a 4500</leader>
  <controlfield tag="005">20230113150646.0</controlfield>
  <controlfield tag="008">230113b           ||||| |||| 00| 0 eng d</controlfield>
  <datafield tag="020" ind1=" " ind2=" ">
    <subfield code="a">9786203305326</subfield>
  </datafield>
  <datafield tag="040" ind1=" " ind2=" ">
    <subfield code="c">AL</subfield>
  </datafield>
  <datafield tag="041" ind1=" " ind2=" ">
    <subfield code="a">eng</subfield>
  </datafield>
  <datafield tag="082" ind1=" " ind2=" ">
    <subfield code="2">23</subfield>
    <subfield code="a">620.1405</subfield>
    <subfield code="b">KAUS</subfield>
  </datafield>
  <datafield tag="100" ind1=" " ind2=" ">
    <subfield code="a">Karamveer Kaur</subfield>
    <subfield code="9">69139</subfield>
  </datafield>
  <datafield tag="245" ind1=" " ind2=" ">
    <subfield code="a">Studies of Zr Modified Barium Titanate Dielectric Ceramics</subfield>
  </datafield>
  <datafield tag="260" ind1=" " ind2=" ">
    <subfield code="a">Beau Bassin</subfield>
    <subfield code="b">Lap Lambert Academic Publishing</subfield>
    <subfield code="c">2021</subfield>
  </datafield>
  <datafield tag="300" ind1=" " ind2=" ">
    <subfield code="a">213p.</subfield>
    <subfield code="b">PB</subfield>
    <subfield code="c">21x14cm.</subfield>
  </datafield>
  <datafield tag="365" ind1=" " ind2=" ">
    <subfield code="2">General</subfield>
    <subfield code="a">XWNY-449694</subfield>
    <subfield code="b">&#x20B9;7098.00</subfield>
    <subfield code="c">&#x20B9;</subfield>
    <subfield code="d">&#x20B9;7098.00</subfield>
    <subfield code="f">06-01-2023</subfield>
  </datafield>
  <datafield tag="520" ind1=" " ind2=" ">
    <subfield code="a">In the present study, we have selected Ba6Ti5O18 ceramics belonging to cation deficient perovskite family keeping in view their promising microwave dielectric properties like high dielectric constants, good quality factors and thermal stability. All these characteristics make these cation deficient perovskite ceramics, the useful materials for fabrication of dielectric resonators that are essential part of Microwave Communication Technology. By close inspection and critical analysis of the results of substitutional studies performed on various compounds of Barium Titanate family, zirconium has been chosen as a dopant on titanium site as its addition to barium titanates causes change in curie temperature, noticeable decrease in dielectric maxima, formation of core shell grains leading to desired temperature stability of dielectric properties and enhancement in dielectric properties with minimal impact on the crystallographic chemistry of these compounds. Here, we have synthesized Ba6(Ti1-xZrx)5O18 (0</subfield>
  </datafield>
  <datafield tag="650" ind1=" " ind2=" ">
    <subfield code="2"> Engineering and applied physics</subfield>
  </datafield>
  <datafield tag="700" ind1=" " ind2=" ">
    <subfield code="a">Tyagi Anand K</subfield>
    <subfield code="9">69140</subfield>
  </datafield>
  <datafield tag="942" ind1=" " ind2=" ">
    <subfield code="2">ddc</subfield>
    <subfield code="c">BK</subfield>
  </datafield>
  <datafield tag="999" ind1=" " ind2=" ">
    <subfield code="c">226378</subfield>
    <subfield code="d">226378</subfield>
  </datafield>
  <datafield tag="952" ind1=" " ind2=" ">
    <subfield code="0">0</subfield>
    <subfield code="1">0</subfield>
    <subfield code="2">ddc</subfield>
    <subfield code="4">0</subfield>
    <subfield code="7">0</subfield>
    <subfield code="8">PHY</subfield>
    <subfield code="a">SACPG</subfield>
    <subfield code="b">SACPG</subfield>
    <subfield code="d">2023-01-13</subfield>
    <subfield code="e">Amazon.in</subfield>
    <subfield code="g">7098.00</subfield>
    <subfield code="l">0</subfield>
    <subfield code="o">620.1405 KAUS</subfield>
    <subfield code="p">PG024178</subfield>
    <subfield code="r">2023-01-13 00:00:00</subfield>
    <subfield code="v">7098.00</subfield>
    <subfield code="w">2023-01-13</subfield>
    <subfield code="y">BK</subfield>
  </datafield>
</record>
